书目信息 |
| 题名: |
金属叠氮化物的能带和电子结构-感度和导电性
|
|
| 作者: | 萧鹤明 , 李永富 著 | |
| 分册: | ||
| 出版信息: | 北京 科学出版社 1996 |
|
| 页数: | 182 | |
| 开本: | 19cm | |
| 丛书名: | ||
| 单 册: | ||
| 中图分类: | TQ560.1 | |
| 科图分类: | ||
| 主题词: | 爆炸物--化学工业 , 火柴--化学工业 | |
| 电子资源: | ||
| ISBN: | 7-03-004906-3 | |
| 000 | 00682nam0 2200205 450 | |
| 001 | 0754114953 | |
| 005 | 20070929150154.95 | |
| 010 | @a7-03-004906-3 | |
| 100 | @a20070929d km y0chiy0120 ea | |
| 101 | 0 | @achi |
| 200 | 1 | @a金属叠氮化物的能带和电子结构-感度和导电性@Ajin shu die dan hua wu de neng dai he dian zi jie gou-gan du he dao dian xing@f萧鹤明,李永富 著@Fxiao he ming,li yong fu zhu |
| 210 | @a北京@c科学出版社@d1996 | |
| 215 | @a182@c插图@d19cm | |
| 606 | 0 | @a爆炸物@x化学工业 |
| 606 | 0 | @a火柴@x化学工业 |
| 690 | @aTQ560.1@v3 | |
| 701 | 0 | @a萧鹤明@Axiao he ming@4著 |
| 701 | 0 | @a李永富@Ali yong fu@4著 |
| 801 | 0 | @aCN@bPFT@c20070929 |
| 905 | @a213230@dTQ560.1@eh93@f1 | |
| 金属叠氮化物的能带和电子结构-感度和导电性/萧鹤明,李永富 著.-北京:科学出版社,1996 |
| 182:插图;19cm |
| ISBN 7-03-004906-3: |
| ● |
| 相关链接 |
|
|
|
|
正题名:金属叠氮化物的能带和电子结构-感度和导电性
索取号:TQ560.1/h93
 
预约/预借
| 序号 | 登录号 | 条形码 | 馆藏地/架位号 | 状态 | 备注 |
| 1 | 6001248 | 260012480 | 密集书库-化学系/ [索取号:TQ560.1/h93] | 在馆 |